| 000 | 00380 a2200145 4500 | ||
|---|---|---|---|
| 001 | 63860 | ||
| 040 | _cAnchieta - Pituba | ||
| 100 | _aGutiérrez, Francisco. | ||
| 240 | 1 | 0 |
_aEducação como práxis política _lpor |
| 245 | 1 | 0 | _aEducação como práxis política |
| 300 | _a125p. | ||
| 362 | 0 | _a1988 | |
| 650 | 4 | _aPolítica da educação pública e seus problemas | |
| 942 | _cBK | ||
| 999 |
_c63860 _d63860 |
||